000 00647nam a2200217 i 4500
001 122742
003 ES-MaACL
005 20230906192032.0
007 t|
008 070214s1985 sp r ||||1| spa d
020 _a84-398-4737-8
080 _a574.36
080 _a620.9
100 1 _aPuig Sales, Ramiro.
_994277
245 1 3 _aLa biomasa como energía renovable :
_brecuperación de recursos de los residuos /
_cRamiro Puig Sales.
260 _aMadrid :
_bEnergías Renovables,
_c1985.
300 _a200 p. ;
_c24 cm.
504 _aBibliografía: p. 198-200.
650 4 _aEnergía de la biomasa.
_9145301
852 4 _aES-MaACL
_jL-9465
999 _c122742
_d122742